| 000 | 00951 a2200229 4500 | ||
|---|---|---|---|
| 003 | NUST | ||
| 005 | 20221229183359.0 | ||
| 010 | _a 99030369 | ||
| 020 | _a0471316512 (alk. paper) | ||
| 040 | _cNust | ||
| 082 | 0 | 0 | _a621.38456,DER |
| 100 | 1 |
_aDeRose, James F _977933 |
|
| 245 | 1 | 4 |
_aThe wireless data handbook / _cJames F. DeRose. |
| 250 | _a4th ed. | ||
| 260 |
_aNew York : _bWiley, _cc1999. |
||
| 300 |
_axxi, 388 p. : _bill. ; _c24 cm. |
||
| 505 | _aGetting Started (Page-3), Business 101: Price and Quantity Fixations,( Page-87), Business 102 Other Things are Important Too (Page-171), Some Private Technical Consideration ( Page-203), Putting IT Together ( Page-259). | ||
| 650 | 0 |
_aWireless communication systems. _9594 |
|
| 856 | 4 | 2 |
_3Publisher description _uhttp://www.loc.gov/catdir/description/wiley033/99030369.html |
| 856 | 4 | 2 |
_3Table of Contents _uhttp://www.loc.gov/catdir/toc/onix04/99030369.html |
| 942 |
_cBK _2ddc _k621.38456,DER |
||
| 999 |
_c176094 _d176094 |
||